[Event "Østlandsserien 2006/2007, 3. div. B"]
[Site "Ås, Akershus NOR"]
[Date "2007.02.10"]
[Round "4"]
[White "Egeland, Finn"]
[Black "Furnes, Torstein"]
[Result "1-0"]
[WhiteElo "1856"]
[BlackElo "1523"]
[PlyCount "83"]
[EventDate "2006.11.12"]
[WhiteTeam "O.S.S.4"]
[BlackTeam "Follo 2"]

1. e4 c5 2. Nf3 Nc6 3. Bb5 d6 4. O-O a6 5. Bxc6+ bxc6 6. h3 Nf6 7. Re1 e5 8. c3
Be7 9. d4 cxd4 10. cxd4 exd4 11. Nxd4 Qc7 12. Nc3 O-O 13. Bf4 c5 14. Nf3 Bb7
15. Rc1 Bc6 16. e5 Ne8 17. Nd5 Bxd5 18. Qxd5 Rc8 19. Rcd1 Rd8 20. Qc4 Qc6 21.
Nd4 Qb7 22. Nf5 dxe5 23. Bxe5 Rxd1 24. Rxd1 a5 25. Nh6+ gxh6 26. Qg4+ Bg5 27.
h4 Qe7 28. Qg3 f6 29. Bc3 a4 30. hxg5 hxg5 31. Qg4 Qa7 32. Rd7 Qa6 33. Qh5 Ng7
34. Qxg5 Rf7 35. Rd8+ Rf8 36. Bxf6 Qa7 37. Rxf8+ Kxf8 38. Bc3 Ne6 39. Qh6+ Ng7
40. Qxh7 Qf7 41. Qh8+ Qg8 42. Bxg7+ 1-0

[Event "Østlandsserien 2006/2007, 3. div. B"]
[Site "Ås, Akershus NOR"]
[Date "2007.02.10"]
[Round "4"]
[White "Simonsen, Steinar"]
[Black "Vestli, Håkon Bjørge"]
[Result "1/2-1/2"]
[WhiteElo "1416"]
[BlackElo "1535"]
[PlyCount "115"]
[EventDate "2006.11.12"]
[WhiteTeam "Follo 2"]
[BlackTeam "O.S.S.4"]

1. e4 c5 2. Nf3 d6 3. d4 cxd4 4. Nxd4 g6 5. Nc3 Bg7 6. Be2 Nc6 7. Be3 Nf6 8.
Qd2 O-O 9. f4 Ng4 10. Bxg4 Bxg4 11. f5 Bxd4 12. Bxd4 Nxd4 13. Qxd4 gxf5 14. h3
Bh5 15. exf5 f6 16. g4 Bf7 17. O-O-O Qa5 18. a3 Rad8 19. Rde1 Rfe8 20. Qf4 Qc5
21. g5 Qc4 22. Qg3 Kh8 23. gxf6 exf6 24. Rxe8+ Bxe8 25. Rg1 Qf7 26. Ne4 Bc6 27.
Nxd6 Qc7 28. Rd1 Rd7 29. Rd2 Rg7 30. Qe3 Re7 31. Qd4 Re1+ 32. Rd1 Rxd1+ 33.
Kxd1 Kg7 34. b4 a6 35. Kd2 Qe7 36. c4 Bf3 37. c5 Qe2+ 38. Kc3 Qe1+ 39. Kc2 Qe2+
40. Qd2 Be4+ 41. Nxe4 Qxe4+ 42. Qd3 Qc6 43. Kb3 Kh6 44. Qe3+ Kh5 45. Qe2+ Kg5
46. Qg4+ Kh6 47. h4 Qd5+ 48. Kc3 Qe5+ 49. Kd3 Qd5+ 50. Kc3 Qe5+ 51. Kc4 Qe3 52.
Qd4 Qe7 53. a4 Kh5 54. b5 axb5+ 55. Kxb5 h6 56. Kb6 Qe8 57. Kxb7 Qe4+ 58. Qxe4
1/2-1/2

[Event "Østlandsserien 2006/2007, 3. div. B"]
[Site "Ås, Akershus NOR"]
[Date "2007.02.10"]
[Round "4"]
[White "Eriksen, Dag"]
[Black "Lange, David"]
[Result "0-1"]
[WhiteElo "1612"]
[BlackElo "1441"]
[PlyCount "78"]
[EventDate "2006.11.12"]
[WhiteTeam "O.S.S.4"]
[BlackTeam "Follo 2"]

1. e4 c5 2. Nf3 d6 3. Bb5+ Bd7 4. Bxd7+ Nxd7 5. O-O g6 6. c3 Ngf6 7. d3 Bg7 8.
Bg5 O-O 9. Qd2 c4 10. Bxf6 Nxf6 11. Re1 cxd3 12. Qxd3 Qb6 13. Re2 Nd7 14. Na3
Nc5 15. Qb5 Qxb5 16. Nxb5 a6 17. Nc7 Rac8 18. Nd5 Rfe8 19. Rd1 b5 20. Ne1 Na4
21. f4 e6 22. Ne3 Bxc3 23. bxc3 Nxc3 24. Red2 Nxd1 25. Rxd1 Red8 26. f5 Rc3 27.
Kf2 Ra3 28. Rd2 gxf5 29. exf5 d5 30. Nf3 Rc8 31. Nd4 Rcc3 32. Ng4 Rd3 33. Rxd3
Rxd3 34. fxe6 fxe6 35. Nxe6 Rd2+ 36. Kf3 Rxa2 37. Nc7 d4 38. Ne5 b4 39. Nc6 b3
0-1

[Event "Østlandsserien 2005/2006, 1. div."]
[Site "Oslo"]
[Date "2006.03.11"]
[Round "8.6"]
[White "Aandal, Kristian"]
[Black "Lea, Per"]
[Result "1-0"]
[WhiteElo "1899"]
[BlackElo "1630"]
[PlyCount "87"]
[EventDate "2006.??.??"]
[WhiteTeam "Porsgrunn 1"]
[BlackTeam "Follo 1"]

1. d4 d5 2. c4 e6 3. Nf3 Nf6 4. Nc3 Be7 5. Bf4 O-O 6. e3 c6 7. Bd3 dxc4 8. Bxc4
Nd5 9. Bg3 Nd7 10. O-O N7f6 11. Bd3 Re8 12. e4 Nxc3 13. bxc3 c5 14. h3 b6 15.
e5 Nd5 16. c4 Nb4 17. Be4 Rb8 18. a3 Na6 19. d5 Bb7 20. Qd3 g6 21. d6 Bxe4 22.
Qxe4 Bf8 23. Bh4 Qd7 24. Bf6 Bg7 25. Bxg7 Kxg7 26. Rab1 Rb7 27. Qh4 Qd8 28.
Qxd8 Rxd8 29. Nd2 Nb8 30. Ne4 Nd7 31. f4 Rbb8 32. Nc3 f6 33. Rfe1 Rf8 34. Nb5
fxe5 35. Nc7 Rf5 36. g4 Rf6 37. fxe5 Rf3 38. Nxe6+ Kg8 39. Ng5 Rg3+ 40. Kh2
Rxa3 41. e6 Nf6 42. Rbd1 Kf8 43. e7+ Ke8 44. Nxh7 1-0

[Event "Østlandsserien 2005/2006, 1. div."]
[Site "Oslo"]
[Date "2006.03.12"]
[Round "9.6"]
[White "Lea, Per"]
[Black "Runde, Hans Arild"]
[Result "0-1"]
[WhiteElo "1630"]
[BlackElo "1870"]
[PlyCount "74"]
[EventDate "2006.??.??"]
[WhiteTeam "Follo 1"]
[BlackTeam "Akademisk 1"]

1. e4 c5 2. Nf3 Nf6 3. e5 Nd5 4. Nc3 e6 5. Nxd5 exd5 6. d4 d6 7. Bb5+ Nc6 8.
Qe2 Be7 9. Be3 c4 10. c3 O-O 11. Bxc6 bxc6 12. O-O Rb8 13. Qd2 Bg4 14. exd6
Bxd6 15. Ne5 Qc8 16. Nxg4 Qxg4 17. h3 Qf5 18. Rfb1 Rfe8 19. b4 Re6 20. a4 Rg6
21. Kh1 Re8 22. f3 Rge6 23. Re1 Qd3 24. Bf4 Bxf4 25. Rxe6 fxe6 26. Qxf4 Qxc3
27. Rb1 e5 28. dxe5 Qxe5 29. Qxe5 Rxe5 30. b5 cxb5 31. Rxb5 c3 32. Rc5 Re1+ 33.
Kh2 d4 34. Kg3 d3 35. Rxc3 d2 36. Rc8+ Kf7 37. Rc7+ Re7 0-1

[Event "Østlandsserien 2005/2006, 1. div"]
[Site "Ås, Akershus NOR"]
[Date "2005.11.05"]
[Round "1"]
[White "Skodvin, Eilif"]
[Black "Hagesæther, Ellen"]
[Result "1/2-1/2"]
[WhiteElo "2284"]
[BlackElo "2177"]
[PlyCount "87"]
[EventDate "2005.11.05"]

1. d4 g6 2. Nf3 Bg7 3. c4 Nf6 4. g3 O-O 5. Bg2 d6 6. O-O Nbd7 7. Nc3 e5 8. e4
c6 9. b3 exd4 10. Nxd4 Re8 11. h3 Nc5 12. Re1 Qb6 13. Be3 Qa5 14. Qc2 Na6 15.
Nde2 Be6 16. a3 Qc7 17. Nd4 Bd7 18. b4 Rad8 19. Rad1 Qc8 20. Kh2 Re5 21. f3 d5
22. exd5 cxd5 23. c5 Rh5 24. h4 Nc7 25. Nce2 Re8 26. Nf4 Rhe5 27. Bf2 Rxe1 28.
Rxe1 Rxe1 29. Bxe1 Ne6 30. Nfxe6 fxe6 31. Bh3 e5 32. Bxd7 Qxd7 33. c6 bxc6 34.
Nxc6 e4 35. fxe4 Ng4+ 36. Kh1 Ne3 37. Qe2 Qxc6 38. Qxe3 dxe4 39. Bf2 a6 40. Kg2
Kf7 41. Kh2 Be5 42. a4 Qxa4 43. Qxe4 Qb5 44. Bc5 1/2-1/2

[Event "Østlandsserien 2005/2006, 1. div"]
[Site "Ås, Akershus NOR"]
[Date "2005.11.05"]
[Round "1"]
[White "Andersen, Alf Roger"]
[Black "Gabrielsen, Stig"]
[Result "0-1"]
[WhiteElo "2138"]
[BlackElo "2252"]
[PlyCount "72"]
[EventDate "2005.11.05"]

1. e4 c5 2. Nf3 Nc6 3. d4 cxd4 4. Nxd4 Nf6 5. Nc3 d6 6. Be3 Ng4 7. Bc4 Nxe3 8.
fxe3 e6 9. Qe2 a6 10. O-O-O Ne5 11. Bb3 Bd7 12. Nf3 Rc8 13. Nxe5 dxe5 14. Qh5
Qf6 15. Rhf1 g6 16. Rxf6 gxh5 17. Rxd7 Kxd7 18. Rxf7+ Be7 19. Rf2 Rhf8 20. Rd2+
Bd6 21. Nd1 Rf1 22. c3 h4 23. Kc2 Rg8 24. g3 hxg3 25. hxg3 Rxg3 26. Rh2 Rf7 27.
Kd3 Bf8 28. a3 Rg5 29. c4 h5 30. Nc3 Rh7 31. Bd1 h4 32. Be2 Rg1 33. Nd1 Be7 34.
a4 Rhg7 35. Bf3 R7g3 36. Rf2 Rxf3 0-1

[Event "Østlandsserien 2005/2006, 1. div"]
[Site "Ås, Akershus NOR"]
[Date "2005.11.05"]
[Round "1"]
[White "Aarland, Stein Arild"]
[Black "Solem, Trond"]
[Result "0-1"]
[WhiteElo "2254"]
[BlackElo "2132"]
[PlyCount "108"]
[EventDate "2005.11.05"]

1. c4 e6 2. d4 b6 3. Nc3 Bb7 4. Nf3 f5 5. g3 Nf6 6. Bg2 Bb4 7. O-O O-O 8. Qb3
a5 9. a3 Bxc3 10. Qxc3 a4 11. b4 axb3 12. Qxb3 Nc6 13. Bb2 Qe7 14. Qc2 Ne4 15.
Nd2 Nxd2 16. Qxd2 Na5 17. Bxb7 Nxb7 18. Rac1 Nd6 19. c5 Ne4 20. Qf4 e5 21. dxe5
Nxc5 22. Rfd1 Ne6 23. Qd2 Rf7 24. f4 Ra4 25. e3 h6 26. Qd5 Kh7 27. Rc4 Ra5 28.
Qd3 Nc5 29. Qc2 Qe6 30. a4 d5 31. Rcd4 c6 32. Rb4 Rb7 33. Bc3 Ra8 34. Rdb1 Nd7
35. R4b2 Rba7 36. g4 g6 37. a5 b5 38. gxf5 gxf5 39. Kf2 Nc5 40. Bb4 Ne4+ 41.
Ke2 c5 42. Bxc5 Rc7 43. Rxb5 Qa6 44. Qd3 Qg6 45. Rb7 Rac8 46. Qc2 Rxb7 47.
Rxb7+ Kh8 48. Qb2 Qg2+ 49. Ke1 Qg1+ 50. Ke2 Qf2+ 51. Kd3 Qf1+ 52. Kc2 Rxc5+ 53.
Kb3 Qc4+ 54. Ka3 Rxa5# 0-1

[Event "Østlandsserien 2005/2006, 1. div"]
[Site "Ås, Akershus NOR"]
[Date "2005.11.05"]
[Round "1"]
[White "Valaker, Ole"]
[Black "Larsen, Joakim"]
[Result "1/2-1/2"]
[WhiteElo "2126"]
[BlackElo "1725"]
[PlyCount "82"]
[EventDate "2005.11.05"]

1. d4 f5 2. Bg5 d6 3. e3 c6 4. Nd2 Qc7 5. Bc4 e6 6. c3 Be7 7. Bxe7 Qxe7 8. a4
Nf6 9. Qc2 O-O 10. Ne2 Kh8 11. Bd3 Nbd7 12. O-O g6 13. e4 fxe4 14. Nxe4 Nxe4
15. Bxe4 d5 16. Bd3 e5 17. dxe5 Nxe5 18. Ng3 Qf6 19. Rae1 Bd7 20. Qd2 Rae8 21.
Bc2 b6 22. b3 c5 23. f4 Ng4 24. h3 Qh4 25. hxg4 Qxg3 26. f5 Qxg4 27. fxg6 Rxf1+
28. Kxf1 hxg6 29. Qh6+ Kg8 30. Bxg6 Rxe1+ 31. Kxe1 Qg3+ 32. Kf1 Be6 33. Qh7+
Kf8 34. Qh8+ Ke7 35. Qg7+ Kd6 36. Qf8+ Kc7 37. Qe7+ Bd7 38. Be8 Qf4+ 39. Kg1
Qc1+ 40. Kh2 Qf4+ 41. Kg1 Qc1+ 1/2-1/2

[Event "Østlandsserien 2005/2006, 1. div"]
[Site "Ås, Akershus NOR"]
[Date "2005.11.05"]
[Round "1"]
[White "Moberg, Jan Rune"]
[Black "Holen, Torgeir"]
[Result "0-1"]
[WhiteElo "1556"]
[BlackElo "1844"]
[PlyCount "68"]
[EventDate "2005.11.05"]

1. d4 Nf6 2. c4 g6 3. Nc3 Bg7 4. e4 d6 5. Nge2 O-O 6. Ng3 c5 7. d5 e6 8. Be2
exd5 9. exd5 Re8 10. O-O h5 11. Bg5 Qb6 12. Qd2 Nbd7 13. Rac1 Nf8 14. h4 N8h7
15. Bd3 Nxg5 16. hxg5 Ng4 17. b3 Qd8 18. Nge2 f5 19. gxf6 Qxf6 20. Qf4 Bf5 21.
Bxf5 gxf5 22. Qf3 Qh4 23. Qg3 Qg5 24. Qf4 Qh4 25. Qg3 Qg5 26. Qf4 Qg6 27. Qf3
Be5 28. Nf4 Qg5 29. Nce2 Re7 30. Nh3 Qf6 31. Nhf4 Rh7 32. Rfd1 Kf7 33. Qd3 Rg8
34. Rc2 h4 0-1

[Event "Østlandsserien 2005/2006, 1. div"]
[Site "Moss, Østfold NOR"]
[Date "2005.11.06"]
[Round "2"]
[White "Miezis, Normunds"]
[Black "Hagesæther, Ellen"]
[Result "1-0"]
[WhiteElo "2535"]
[BlackElo "2184"]
[PlyCount "69"]
[EventDate "2005.11.05"]

1. c4 g6 2. Nc3 Bg7 3. g3 d6 4. Bg2 e5 5. d3 f5 6. e4 Nf6 7. h4 c6 8. h5 Na6 9.
hxg6 hxg6 10. Rxh8+ Bxh8 11. Nf3 Qe7 12. Qe2 Nc5 13. Nh4 Qh7 14. Nf3 Ne6 15.
Bd2 Bd7 16. O-O-O O-O-O 17. Rh1 Qf7 18. Ng5 Nxg5 19. Bxg5 Bg7 20. f4 Re8 21.
fxe5 dxe5 22. Rf1 Qe6 23. Bh3 Ng4 24. exf5 gxf5 25. Bxg4 fxg4 26. Ne4 b6 27.
Rf7 Bh6 28. Qd2 Rf8 29. Rh7 Bxg5 30. Qxg5 Kc7 31. Kc2 Rf7 32. Rxf7 Qxf7 33.
Qxe5+ Kd8 34. Qb8+ Bc8 35. Qxc8+ 1-0

[Event "Østlandsserien 2005/2006, 1. div"]
[Site "Moss, Østfold NOR"]
[Date "2005.11.06"]
[Round "2"]
[White "Andersen, Alf Roger"]
[Black "Haugli, Petter"]
[Result "1-0"]
[WhiteElo "2218"]
[BlackElo "2165"]
[PlyCount "75"]
[EventDate "2005.11.05"]

1. e4 c5 2. Nf3 e6 3. d4 cxd4 4. Nxd4 Bc5 5. Be3 Qb6 6. c3 Nc6 7. Nd2 Nxd4 8.
Nc4 Qc6 9. Bxd4 Qxe4+ 10. Be2 Be7 11. O-O Nf6 12. Bf3 Qf4 13. Qa4 O-O 14. Be5
Qg5 15. Rfe1 Ng4 16. Bg3 f5 17. h4 Qg6 18. Nb6 axb6 19. Qxa8 f4 20. Bxf4 Bxh4
21. Bg3 Bxg3 22. fxg3 Nh6 23. Qb8 Qg5 24. Qe5 Qe7 25. Rad1 Nf7 26. Qe3 Qd8 27.
Rf1 Qc7 28. Bg4 Qc5 29. Qd4 d6 30. b4 Qc7 31. Bh5 g6 32. Bxg6 hxg6 33. Qf6 e5
34. Qxg6+ Kh8 35. Rxd6 Qxd6 36. Qxd6 Nxd6 37. Rxf8+ Kg7 38. Rd8 1-0

[Event "Østlandsserien 2005/2006, 1. div"]
[Site "Moss, Østfold NOR"]
[Date "2005.11.06"]
[Round "2"]
[White "Kongevold, Hans Inge"]
[Black "Solem, Trond"]
[Result "1-0"]
[WhiteElo "1960"]
[BlackElo "2132"]
[PlyCount "88"]
[EventDate "2005.11.05"]

1. c4 e6 2. Nf3 b6 3. g3 Bb7 4. Bg2 f5 5. O-O Nf6 6. Nc3 Bb4 7. Qc2 a5 8. d3
O-O 9. Bd2 Nc6 10. a3 Bc5 11. e4 fxe4 12. dxe4 Ng4 13. Bg5 Qe8 14. h3 Nge5 15.
Nxe5 Nxe5 16. Qe2 Qg6 17. Bf4 Qf6 18. Rad1 g5 19. Bxe5 Qxe5 20. Rxd7 Qxg3 21.
Qh5 Bxf2+ 22. Kh1 Qh4 23. Qxh4 Bxh4 24. Rxc7 Rxf1+ 25. Bxf1 Rf8 26. Be2 Rf7 27.
Rxf7 Kxf7 28. Bf3 Ba6 29. b3 Bf2 30. Kg2 Bc5 31. Na4 Bd4 32. Bh5+ Kf6 33. Be2
Ke5 34. Kf3 Bb7 35. Bd3 Bc6 36. Kg4 Bxe4 37. Bxe4 Kxe4 38. b4 axb4 39. axb4 h6
40. Kh5 Kf5 41. c5 b5 42. c6 Be5 43. Nc3 Bc7 44. Nxb5 e5 1-0

[Event "Østlandsserien 2005/2006, 1. div"]
[Site "Ås, Akershus NOR"]
[Date "2005.12.04"]
[Round "3"]
[White "Nordahl, Helge"]
[Black "Ådnøy, Hallvard"]
[Result "1/2-1/2"]
[WhiteElo "2359"]
[BlackElo "2270"]
[PlyCount "41"]
[EventDate "2005.11.05"]

1. d4 d6 2. Nf3 Nf6 3. c4 Nbd7 4. Nc3 c6 5. e4 e5 6. Be2 Be7 7. O-O O-O 8. Re1
exd4 9. Nxd4 Nc5 10. Bf1 a5 11. Nf5 Bxf5 12. exf5 Re8 13. Be3 Qc7 14. Qf3 Bf8
15. Bd4 Rxe1 16. Rxe1 Re8 17. Rxe8 Nxe8 18. f6 g6 19. g4 Bh6 20. Ne4 Ne6 21.
Be3 1/2-1/2

[Event "Østlandsserien 2005/2006, 1. div"]
[Site "Ås, Akershus NOR"]
[Date "2005.12.04"]
[Round "3"]
[White "Hagesæther, Ellen"]
[Black "Børresen, Georg"]
[Result "1-0"]
[WhiteElo "2184"]
[BlackElo "2176"]
[PlyCount "80"]
[EventDate "2005.11.05"]

1. g3 e5 2. d3 d5 3. Nf3 Nc6 4. Bg2 Nf6 5. O-O Be7 6. c3 a5 7. b3 O-O 8. Qc2
Re8 9. e4 Bf8 10. Bb2 Bg4 11. h3 Be6 12. Nbd2 h6 13. Kh2 dxe4 14. dxe4 Nd7 15.
Rfd1 Qf6 16. Nf1 Bc5 17. Qe2 Rad8 18. Ne3 Nb6 19. Ng4 Bxg4 20. hxg4 Rxd1 21.
Rxd1 Rd8 22. Rxd8+ Qxd8 23. Bc1 g5 24. Ne1 Qd6 25. Nd3 Ba3 26. Bd2 a4 27. Be3
f6 28. Bf1 Na5 29. Qc2 c5 30. b4 c4 31. Ne1 Bxb4 32. cxb4 Qxb4 33. Bxb6 Qxb6
34. Bxc4+ Kg7 35. Bd5 Nc6 36. Nd3 a3 37. Qa4 h5 38. gxh5 g4 39. Qxa3 Qd4 40.
Bxc6 bxc6 1-0

[Event "Østlandsserien 2005/2006, 1. div"]
[Site "Ås, Akershus NOR"]
[Date "2005.12.04"]
[Round "3"]
[White "Andersen, Lars Even"]
[Black "Andersen, Alf Roger"]
[Result "1-0"]
[WhiteElo "2218"]
[BlackElo "2173"]
[PlyCount "71"]
[EventDate "2005.11.05"]

1. d4 f5 2. Bg5 h6 3. Bh4 g5 4. e3 Bg7 5. Qh5+ Kf8 6. Bg3 Nf6 7. Qd1 d6 8. Nc3
c6 9. Bd3 Qa5 10. Nge2 Na6 11. a3 Bd7 12. O-O Re8 13. f4 g4 14. Bh4 Nd5 15. Qd2
Nxc3 16. bxc3 Nc7 17. Ng3 h5 18. Rab1 b6 19. Rf2 e6 20. e4 Kf7 21. Re1 Qxa3 22.
exf5 exf5 23. Bxf5 Rxe1+ 24. Qxe1 Re8 25. Qd2 Bxf5 26. Nxf5 Bf8 27. Rf1 Nd5 28.
Qd3 Re6 29. Ng3 Qxc3 30. Qh7+ Bg7 31. f5 Qxd4+ 32. Kh1 Re3 33. Nxh5 Nf6 34.
Qxg7+ Ke8 35. Nxf6+ Kd8 36. Qd7# 1-0

[Event "Østlandsserien 2005/2006, 1. div"]
[Site "Ås, Akershus NOR"]
[Date "2005.12.04"]
[Round "3"]
[White "Solem, Trond"]
[Black "Flaata, Alexander"]
[Result "1-0"]
[WhiteElo "2132"]
[BlackElo "1902"]
[PlyCount "69"]
[EventDate "2005.11.05"]

1. d4 f5 2. e4 fxe4 3. Nc3 Nf6 4. Bg5 Nc6 5. f3 d5 6. Qd2 Bf5 7. O-O-O a6 8.
Nge2 Qd7 9. Nf4 exf3 10. gxf3 e6 11. Nd3 h6 12. Bh4 Bd6 13. Na4 b6 14. Qc3 Nb4
15. Nxb4 Qxa4 16. a3 Bxb4 17. axb4 O-O 18. b3 Qa3+ 19. Kd2 a5 20. b5 Qe7 21.
Bg3 a4 22. b4 Nh5 23. Be5 Qg5+ 24. Qe3 Qxe3+ 25. Kxe3 Bxc2 26. Rc1 Bb3 27. Bd3
a3 28. Rhg1 Rf7 29. Bg6 Rf5 30. Bxh5 Rxh5 31. Rxg7+ Kf8 32. Rh7 Ra4 33. Rh8+
Kf7 34. Rxc7+ Kg6 35. Rg7+ 1-0

[Event "Østlandsserien 2005/2006, 1. div"]
[Site "Ås, Akershus NOR"]
[Date "2005.12.04"]
[Round "3"]
[White "Sterk, Michel"]
[Black "Næssvold, Kjell"]
[Result "1-0"]
[WhiteElo "2012"]
[BlackElo "1897"]
[PlyCount "73"]
[EventDate "2005.11.05"]

1. d4 Nf6 2. c4 c5 3. d5 b5 4. f3 d6 5. e4 bxc4 6. Bxc4 g6 7. Ne2 Bg7 8. O-O
O-O 9. Nec3 Ba6 10. Na3 Bxc4 11. Nxc4 Nbd7 12. Bg5 Nb6 13. Ne3 Rb8 14. Rb1 Qd7
15. Kh1 Rb7 16. Qe2 Na4 17. Ncd1 Rfb8 18. Qc2 Qb5 19. Re1 Qa5 20. Bh4 Nb6 21.
b3 Kf8 22. Nb2 Nfd7 23. f4 Qc3 24. Qe2 Nf6 25. Rbc1 Qa5 26. Nbc4 Nxc4 27. Nxc4
Qc7 28. Qd2 Rd8 29. Na5 Rb6 30. Nc6 Rd7 31. b4 e6 32. Bxf6 Bxf6 33. Qf2 exd5
34. exd5 Ra6 35. bxc5 dxc5 36. Qxc5+ Qd6 37. Nb8 1-0

[Event "Østlandsserien 2005/2006, 1. div"]
[Site "Ås, Akershus NOR"]
[Date "2005.12.04"]
[Round "3"]
[White "Larsen, Joakim"]
[Black "Snellingen, Jørn"]
[Result "1-0"]
[WhiteElo "1725"]
[BlackElo "1830"]
[PlyCount "97"]
[EventDate "2005.11.05"]

1. e4 Nf6 2. Nc3 d5 3. exd5 Nxd5 4. Bc4 Nb6 5. Bb3 c5 6. d3 e5 7. Qh5 Qf6 8.
Ne4 Qf5 9. Ng5 c4 10. dxc4 Bc5 11. Qf3 Nc6 12. Ne4 Be7 13. c5 Nd4 14. Qe3 Be6
15. c3 Nd5 16. Qd3 Nxb3 17. axb3 O-O 18. Nf3 Rfd8 19. Qe2 Nf6 20. Ng3 Qd3 21.
b4 e4 22. Nd4 Bc4 23. Ngf5 Bf8 24. Ne3 Qxe2+ 25. Nxe2 Bxe2 26. Kxe2 Nd7 27. Nc4
Nf6 28. Bg5 h6 29. Bxf6 gxf6 30. Rhd1 Be7 31. Rxd8+ Bxd8 32. Nb6 Bxb6 33. cxb6
a6 34. Rd1 Kg7 35. Rd7 Rb8 36. Ke3 f5 37. Kd4 Kf6 38. Kd5 h5 39. g3 h4 40. Kd6
hxg3 41. hxg3 Kg5 42. Kc7 Rf8 43. Kxb7 f4 44. gxf4+ Kxf4 45. Kc7 f5 46. b7 Kf3
47. b8=Q Rxb8 48. Kxb8 f4 49. Rf7 1-0

[Event "Østlandsserien 2005/2006, 1. div"]
[Site "Oslo NOR"]
[Date "2006.01.14"]
[Round "4"]
[White "Ådnøy, Hallvard"]
[Black "Johannessen, Leif Erlend"]
[Result "1-0"]
[WhiteElo "2266"]
[BlackElo "2558"]
[PlyCount "37"]
[EventDate "2005.11.05"]

1. d4 Nf6 2. Bg5 Ne4 3. Bf4 c5 4. f3 Qa5+ 5. c3 Nf6 6. d5 Qb6 7. e4 Qxb2 8. Nd2
Qxc3 9. Bc7 Na6 10. Bxa6 bxa6 11. Rb1 c4 12. Rc1 Qb2 13. Ne2 d6 14. O-O Qb7 15.
Rxc4 g6 16. Qc2 a5 17. Rb1 Qa6 18. Rc6 Qxe2 19. Bb8 1-0

[Event "Østlandsserien 2005/2006, 1. div"]
[Site "Oslo NOR"]
[Date "2006.01.14"]
[Round "4"]
[White "Agdestein, Espen"]
[Black "Hagesæther, Ellen"]
[Result "1-0"]
[WhiteElo "2401"]
[BlackElo "2202"]
[PlyCount "105"]
[EventDate "2005.11.05"]

1. Nf3 g6 2. c4 Bg7 3. d4 Nf6 4. Nc3 O-O 5. e4 d6 6. Be2 e5 7. O-O Nc6 8. d5
Ne7 9. Kh1 h6 10. a4 Ne8 11. a5 f5 12. Ne1 fxe4 13. Nxe4 a6 14. Ra3 Nf5 15. Nf3
Nf6 16. Bd3 Kh7 17. Nxf6+ Qxf6 18. g4 Nh4 19. Ng1 Kh8 20. Bc2 Qe7 21. Rg3 Kg8
22. Ne2 Bd7 23. Be4 Rf7 24. Nc3 Raf8 25. f3 b6 26. axb6 cxb6 27. Qd3 g5 28. Be3
Rb8 29. Nb1 Rff8 30. Nd2 Rfc8 31. b4 a5 32. Rb1 Bf6 33. Rgg1 Qf7 34. bxa5 bxa5
35. Qa3 Be7 36. Rxb8 Rxb8 37. Qxa5 Qe8 38. Ra1 Qc8 39. Qc3 Kf7 40. c5 dxc5 41.
Ra7 Bxg4 42. Qxe5 Bd7 43. Rxd7 Qxd7 44. Qxb8 Bd6 45. Qb1 Qh3 46. Qg1 Nf5 47.
Bf2 Bf4 48. Qg2 Qxg2+ 49. Kxg2 Bxd2 50. Bxf5 Kf6 51. Bd3 Bb4 52. Bg3 h5 53. h3
1-0

[Event "Østlandsserien 2005/2006, 1. div"]
[Site "Oslo NOR"]
[Date "2006.01.14"]
[Round "4"]
[White "Andersen, Alf Roger"]
[Black "Heim, Sverre"]
[Result "1-0"]
[WhiteElo "2239"]
[BlackElo "2330"]
[PlyCount "93"]
[EventDate "2005.11.05"]

1. e4 e6 2. d4 d5 3. Nd2 Be7 4. c3 c5 5. e5 Nc6 6. Ndf3 Qb6 7. a3 Bd7 8. b4
cxd4 9. cxd4 Nh6 10. Bxh6 gxh6 11. Be2 Rg8 12. g3 Rg4 13. h3 Rg7 14. Kf1 f6 15.
b5 Nd8 16. a4 Nf7 17. a5 Qc7 18. exf6 Bxf6 19. Bd3 Kf8 20. Ne2 e5 21. dxe5 Nxe5
22. Nxe5 Qxe5 23. Ra4 a6 24. Nd4 axb5 25. Bxb5 Bxb5+ 26. Nxb5 d4 27. Qb3 Rd8
28. Kg2 Rd5 29. Na3 h5 30. Re1 Qxe1 31. Qxd5 Rf7 32. Nc4 h4 33. g4 h5 34. Nd6
Rc7 35. Rc4 Qe7 36. Rxc7 Qxc7 37. gxh5 Qe7 38. Nxb7 d3 39. a6 Qg7+ 40. Kf1 Bd4
41. Qd8+ Kf7 42. Qd7+ Kg8 43. Qxg7+ Kxg7 44. Nd6 d2 45. Ke2 Bxf2 46. Kxd2 Kh6
47. Nf5+ 1-0

[Event "Østlandsserien 2005/2006, 1. div"]
[Site "Oslo NOR"]
[Date "2006.01.14"]
[Round "4"]
[White "Gvein, Kenneth"]
[Black "Solem, Trond"]
[Result "1/2-1/2"]
[WhiteElo "2157"]
[BlackElo "2177"]
[PlyCount "110"]
[EventDate "2005.11.05"]

1. c4 b6 2. Nc3 Bb7 3. d4 e6 4. a3 f5 5. Nf3 Nf6 6. Bg5 h6 7. Bf4 g5 8. Bd2 Bg7
9. h4 g4 10. Ne5 Nc6 11. Ng6 Rg8 12. e3 Nh5 13. Ne2 Bxd4 14. exd4 Rxg6 15. Nf4
Nxf4 16. Bxf4 e5 17. dxe5 Nxe5 18. Qc2 Qf6 19. O-O-O O-O-O 20. Qd2 d5 21. h5
Rgg8 22. Qc3 Rge8 23. cxd5 Rxd5 24. Rxd5 Bxd5 25. Ba6+ Bb7 26. Bxb7+ Kxb7 27.
Rd1 Re6 28. Kb1 Qe7 29. Qc2 Qf7 30. Qb3 Rd6 31. Qa4 Rxd1+ 32. Qxd1 Nc6 33. g3
Kc8 34. Qc2 Qe6 35. Qd2 Qe4+ 36. Ka2 Qe6+ 37. Ka1 Qf7 38. Qc3 Kb7 39. Qd2 Na5
40. Qc3 Nc6 41. Qd2 Na5 42. Qc3 Nc6 43. Qd2 a5 44. Qd1 a4 45. Qxa4 Qxh5 46. Qc4
Qh1+ 47. Ka2 Qe4 48. Qxe4 fxe4 49. Bxh6 Ne5 50. Kb3 c5 51. Kc3 b5 52. b3 Kc6
53. Bf4 Nd3 54. Be3 b4+ 55. axb4 Nxb4 1/2-1/2

[Event "Østlandsserien 2005/2006, 1. div"]
[Site "Oslo NOR"]
[Date "2006.01.14"]
[Round "4"]
[White "Semakoff, Aleks"]
[Black "Persson, Mats"]
[Result "1/2-1/2"]
[WhiteElo "2159"]
[BlackElo "2083"]
[PlyCount "66"]
[EventDate "2005.11.05"]

1. e4 c5 2. Nf3 e6 3. d3 Nc6 4. g3 d5 5. Nbd2 Nf6 6. Bg2 Be7 7. O-O Qc7 8. Re1
b6 9. Qe2 Nb4 10. Nf1 dxe4 11. dxe4 Ba6 12. c4 Rd8 13. Bf4 Qc8 14. Ne5 Bb7 15.
a3 Nc6 16. Nxc6 Bxc6 17. e5 Nd7 18. Bxc6 Qxc6 19. Qg4 g6 20. Bh6 Qc7 21. Qe4
Nb8 22. Rad1 Nc6 23. Rxd8+ Bxd8 24. Nd2 Nd4 25. Nf3 Nf5 26. Bf4 h5 27. Rd1 O-O
28. h3 Kg7 29. g4 hxg4 30. hxg4 Ne7 31. Rd6 Nc8 32. Rd1 Ne7 33. Rd6 Nc8 1/2-1/2

[Event "Østlandsserien 2005/2006, 1. div"]
[Site "Oslo NOR"]
[Date "2006.01.14"]
[Round "4"]
[White "Hjort, Jens"]
[Black "Gaasland, Glenn"]
[Result "1/2-1/2"]
[WhiteElo "1964"]
[BlackElo "1898"]
[PlyCount "54"]
[EventDate "2005.11.05"]

1. d4 Nf6 2. Nc3 d5 3. e4 dxe4 4. f3 exf3 5. Nxf3 Bg4 6. h3 Bxf3 7. Qxf3 c6 8.
Qf2 e6 9. Bd3 Bd6 10. O-O Qc7 11. Qf3 h5 12. Bg5 Nbd7 13. Ne4 O-O-O 14. Nxd6+
Qxd6 15. c3 Qd5 16. Qg3 Nc5 17. dxc5 Qxd3 18. Qxd3 Rxd3 19. Rae1 Nh7 20. Be7
Nf6 21. Re2 Rh6 22. Ref2 Kd7 23. Bf8 Rg6 24. Bxg7 Rxg7 25. Rxf6 Ke7 26. R6f3
Rxf3 27. Rxf3 Rg5 1/2-1/2

[Event "Østlandsserien 2005/2006, 1. div"]
[Site "Ås, Akerhus NOR"]
[Date "2006.01.15"]
[Round "5"]
[White "Sahl, Bjarke"]
[Black "Ådnøy, Hallvard"]
[Result "1/2-1/2"]
[WhiteElo "2381"]
[BlackElo "2266"]
[PlyCount "118"]
[EventDate "2005.11.05"]

1. e4 d6 2. d4 Nf6 3. Nc3 Nbd7 4. Nf3 e5 5. Bc4 Be7 6. O-O O-O 7. a4 c6 8. Ba2
b6 9. Re1 a6 10. Nh4 exd4 11. Qxd4 Nc5 12. Nf5 Bxf5 13. exf5 Ne8 14. Be3 d5 15.
Rad1 Nd6 16. Qf4 Bf6 17. a5 Ndb7 18. Nxd5 cxd5 19. b4 Na4 20. Bxd5 Nc3 21.
Bxf7+ Rxf7 22. Rxd8+ Rxd8 23. g3 bxa5 24. bxa5 Nxa5 25. Bb6 Rd1 26. Kf1 Nd5 27.
Qa4 Nxb6 28. Qe8+ Rf8 29. Qe6+ Kh8 30. Rxd1 Nac4 31. Kg2 h6 32. Rb1 Rb8 33.
Qxc4 Nxc4 34. Rxb8+ Kh7 35. Rc8 Nd6 36. Ra8 Nxf5 37. Rxa6 Nd4 38. c4 Kg8 39. c5
Kf7 40. c6 Ne6 41. Ra7+ Ke8 42. f4 Kd8 43. g4 Nxf4+ 44. Kf3 Ng6 45. Ke4 Ne7 46.
Rd7+ Kc8 47. Rd6 Kc7 48. Re6 Bg5 49. h3 Nxc6 50. Rg6 Bf6 51. Rxf6 gxf6 52. Kf5
Kd6 53. Kxf6 Ne5 54. Kg7 Ke7 55. Kxh6 Kf6 56. g5+ Kf5 57. h4 Nf7+ 58. Kh5 Ne5
59. Kh6 Nf7+ 1/2-1/2